书目信息 |
| 题名: |
剥开教育的责任
|
|
| 作者: | 祁智 主编 | |
| 分册: | ||
| 出版信息: | 南京 江苏教育出版社 2012 |
|
| 页数: | 258页 | |
| 开本: | 21cm | |
| 丛书名: | ||
| 单 册: | ||
| 中图分类: | G40-53 | |
| 科图分类: | ||
| 主题词: | 教育学--jiao yu xue--文集 | |
| 电子资源: | ||
| ISBN: | 978-7-5499-1574-3 | |
| 000 | 00932nam0 2200253 450 | |
| 001 | 012001003856 | |
| 005 | 20191030090228.95 | |
| 010 | @a978-7-5499-1574-3@dCNY28.00 | |
| 099 | @aCAL 012012266500 | |
| 100 | @a20120613d2012 ekmy0chiy50 ea | |
| 101 | 0 | @achi |
| 102 | @aCN@b320000 | |
| 105 | @aa z 000yy | |
| 106 | @ar | |
| 200 | 1 | @a剥开教育的责任@Abao kai jiao yu de ze ren@f祁智主编 |
| 205 | @a第2版 | |
| 210 | @a南京@c江苏教育出版社@d2012 | |
| 215 | @a258页@c图@d21cm | |
| 330 | @a本书主要关注教育中的责任问题,并以带有浓重文学性的语言,从正面来对这些问题进行剖析,希望给教育界中有理想、有朝气的人,带来心灵上的慰藉。书中各篇文章的作者都是教育一线的教师,在与孩子们的互动中,他们感受到了种种美好,当然也有遗憾,这本书就是他们心灵的写照。 | |
| 606 | 0 | @a教育学@Ajiao yu xue@j文集 |
| 690 | @aG40-53@v4 | |
| 701 | 0 | @a祁智@Aqi zhi@4主编 |
| 801 | 2 | @aCN@b江苏凤凰@c20191020 |
| 905 | @b1227749-52@dG40-53@e1014=2@f4 | |
| 剥开教育的责任/祁智主编.-第2版.-南京:江苏教育出版社,2012 |
| 258页:图;21cm |
| ISBN 978-7-5499-1574-3:CNY28.00 |
| 本书主要关注教育中的责任问题,并以带有浓重文学性的语言,从正面来对这些问题进行剖析,希望给教育界中有理想、有朝气的人,带来心灵上的慰藉。书中各篇文章的作者都是教育一线的教师,在与孩子们的互动中,他们感受到了种种美好,当然也有遗憾,这本书就是他们心灵的写照。 |
| ● |
| 相关链接 |
|
|
|
|
正题名:剥开教育的责任
索取号:G40-53/1014=2
 
预约/预借
| 序号 | 登录号 | 条形码 | 馆藏地/架位号 | 状态 | 备注 |
| 1 | 1227749 | 212277490 | 第一样本阅览室/ [索取号:G40-53/1014=2] | 在馆 | |
| 2 | 1227750 | 212277506 | 教育系资料室/ [索取号:G40-53/1014=2] | 在馆 | |
| 3 | 1227751 | 212277515 | 教育系资料室/ [索取号:G40-53/1014=2] | 在馆 | |
| 4 | 1227752 | 212277524 | 第四借阅区/ [索取号:G40-53/1014=2] | 在馆 |